| 000 | 00543nam a22001937a 4500 | ||
|---|---|---|---|
| 003 | MPLRDC | ||
| 005 | 20220105061152.0 | ||
| 008 | 210129b ||||| |||| 00| 0 eng d | ||
| 020 | _a978-7-5326-2093-7 | ||
| 082 | _a802.35 WT | ||
| 100 | _a王涛 等编著 | ||
| 245 |
_a中国成语大辞典 新一版 _c |
||
| 250 | _a初版11刷 | ||
| 260 |
_a中国 _b上海世纪出版股份有限公司,上海辞书出版社 _c2014 |
||
| 300 | _b精 | ||
| 520 | _a上架 2018-09-04。 | ||
| 650 | _a成语、熟语字典 | ||
| 942 |
_cBK _o802.35 WT |
||
| 999 |
_c69845 _d69835 |
||